| 000 -ლიდერი |
| ფიქსირებული სიგრძის საკონტროლო ველი |
01920nam a2200301Ia 4500 |
| 001 - საკონტროლო ნომერი |
| საკონტროლო ველი |
7037 |
| 003 - საკონტროლო ნომრის იდენტიფიკატორი |
| საკონტროლო ველი |
GE_BSU |
| 005 - ბოლო ოპერაციის თარიღი და დრო |
| საკონტროლო ველი |
20231109122633.0 |
| 008 - ფიქსირებული სიგრძის მონაცემთა ელემენტები - ზოგადი ინფორმაცია |
| ფიქსირებული სიგრძის საკონტროლო ველი |
181216s2010||||ge |||||||||||||| ||geo|| |
| 020 ## - წიგნის საერთაშორისო სტანდარტული ნომერი |
| International Standard Book Number |
9789941131882 |
| 040 ## - კატალოგიზაციის წყარო |
| Transcribing agency |
GE_BSU |
| 041 ## - ენის კოდი |
| Language code of text/sound track or separate title |
geo |
| 080 ## - უნივერსალური ათობითი კლასიფიკაციის ინდექსი |
| Universal Decimal Classification number |
343(075.8) ვ-41 |
| 100 ## - მთავარი ჩანაწერი - პიროვნების სახელი |
| Personal name |
ვესელსი, იოჰანეს |
| 9 (RLIN) |
13317 |
| 245 ## - ცნობა სათაურის შესახებ |
| Title |
სისხლის სამართლის ზოგადი ნაწილი : |
| Remainder of title |
დანაშაული და მისი აგებულება / |
| Statement of responsibility, etc |
იოჰანე ვესელსი, ვენერ ბოიკლე ; ქართული გამოც. სამეცნ. რედ. ირაკლი დვალიძე ; მთარგმნ. ზურაბ არსენიშვილი ; ყდის დიზაინი თინათინ ჩირინაშვილი. |
| 250 ## - გამოცემის ცნობა |
| Edition statement |
38-ე გადამუშავებული გამოცემა (იგულისხმება ორიგინალი) |
| 264 ## - წარმოების, გამოცემის, დისტრიბუციის და სხვა ცნობები |
| გამოცემის, წარმოების, დისტრიბუციის... ადგილი |
თბილისი : |
| გამოცემის, წარმოების, დისტრიბუციის... სახელწოდება |
უნ-ტის გამ-ბა, |
| გამოცემის, წარმოების, დისტრიბუციის... თარიღი |
2010. |
| 300 ## - ფიზიკური აღწერა |
| Extent |
606 გვ. ; |
| Dimensions |
24 სმ. |
| 500 ## - ზოგადი შენიშვნა |
| General note |
ანბანურ - საგნობრივი საძიებელი გვ. : 571-606 |
| 653 ## - INDEX TERM--UNCONTROLLED |
| Uncontrolled term |
დანაშაული და მისი აგებულება |
| 653 ## - INDEX TERM--UNCONTROLLED |
| Uncontrolled term |
სისხლის სამართლის ზოგადი ნაწილი |
| 700 ## - ADDED ENTRY--PERSONAL NAME |
| Personal name |
ბოიკლე, ვენერ |
| Relator term |
ავტორი |
| 9 (RLIN) |
20310 |
| 700 ## - ADDED ENTRY--PERSONAL NAME |
| Personal name |
დვალიძე, ირაკლი |
| Relator term |
რედაქტორი |
| 9 (RLIN) |
6351 |
| 700 ## - ADDED ENTRY--PERSONAL NAME |
| Personal name |
არსენიშვილი, ზურაბ |
| Relator term |
მთარგმნელი |
| 9 (RLIN) |
13319 |
| 700 ## - ADDED ENTRY--PERSONAL NAME |
| Personal name |
ჩირინაშვილი, თინათინ |
| Relator term |
დიზაინერი |
| 9 (RLIN) |
18081 |
| 942 ## - ADDED ENTRY ELEMENTS (KOHA) |
| Koha item type |
წიგნი |
| Source of classification or shelving scheme |
|